International Penitentiary Congress : to be held in Stockholm, during the latter half of August, 1878 : the exact date of opening to be hereafter announced by the swedish government : circular letter addressed to governments to be held in Stockholm, during the latter half of August, 1878 :
Descripción Física:
[4] p. ; 23 cm
Materias:
Presons -- Congressos
MARC
| LEADER | 00000nam a2200000Ia 4500 | ||
|---|---|---|---|
| 001 | 19434 | ||
| 003 | BGR | ||
| 005 | 20260324180014.0 | ||
| 008 | 160829s1877 xx 000 0 cat d | ||
| 080 | |a 2553, exp. 4 | ||
| 111 | |a International Penitentiary Congress |9 71063 |c (Estocolm: |d 1873) | ||
| 245 | |a International Penitentiary Congress : |b to be held in Stockholm, during the latter half of August, 1878 : |b the exact date of opening to be hereafter announced by the swedish government : |b circular letter addressed to governments | ||
| 260 | |a [New York? : |b s.n.], |c 1877 | ||
| 300 | |a [4] p. ; |c 23 cm | ||
| 650 | |a Presons |x Congressos |9 24111 | ||
| 901 | |a Arxiu | ||
| 942 | |n 1 |2 udc |c MON | ||
| 952 | |0 0 |1 0 |4 0 |6 2553_EXP_4 |7 1 |9 51529 |a Arxiu |b Arxiu |d 2016-12-01 |l 0 |o 2553, exp. 4 |p 19434 |r 2016-12-01 00:00:00 |w 2016-12-01 |y ARXIU | ||
| 999 | |c 55374 |d 55374 | ||